Central Library OPAC University of Rajshahi

رحلة : مع علماء مقارنة الأديان في العصر الحديث ;; rihlat : mae eulama' muqaranat al'adyan fi aleasr alhadith / (Record no. 86134)

MARC details
000 -LEADER
fixed length control field 00774nam a2200193 4500
001 - CONTROL NUMBER
control field 86134
003 - CONTROL NUMBER IDENTIFIER
rucl marc code BD-RjUL
005 - DATE AND TIME OF LATEST TRANSACTION
control field 20260125115016.0
008 - FIXED-LENGTH DATA ELEMENTS--GENERAL INFORMATION
fixed length control field 260125s2016 b ||||| |||| 00| 0 ara d
035 ## - SYSTEM CONTROL NUMBER
System control number (BD-RjUL)86134
040 ## - CATALOGING SOURCE
Original cataloging agency BD-RjUL
Language of cataloging eng
Transcribing agency BD-RjUL
041 ## - LANGUAGE CODE
Language code of text/sound track or separate title eng
082 ## - DEWEY DECIMAL CLASSIFICATION NUMBER
Edition number 23
Classification number 291
Author mark and year HUR 2016
100 ## - MAIN ENTRY--PERSONAL NAME
Personal name حسين٠ محمد بلال ;; Husein, Muhammad Bilal
9 (RLIN) 17628
245 ## - TITLE STATEMENT
Title رحلة : مع علماء مقارنة الأديان في العصر الحديث ;; rihlat : mae eulama' muqaranat al'adyan fi aleasr alhadith /
Statement of responsibility, etc. محمد بلال حسين ;; Muhammad Bilal Hussein
260 ## - PUBLICATION, DISTRIBUTION, ETC. (IMPRINT)
Place of publication, distribution, etc. Rajshahi :
Name of publisher, distributor, etc. النهضة للطباعة والنشر ,
Date of publication, distribution, etc. 2016
650 ## - SUBJECT ADDED ENTRY--TOPICAL TERM
Topical term or geographic name as entry element مقارنة الأديان تقابلِ ادیان
9 (RLIN) 17629
942 ## - ADDED ENTRY ELEMENTS (KOHA)
Source of classification or shelving scheme Dewey Decimal Classification
Koha item type Books
Holdings
Lost status Source of classification or shelving scheme Damaged status Not for loan Collection code Permanent Location Current Location Shelving location Date acquired Source of acquisition Cost, normal purchase price Full call number Date last seen Copy number Koha item type
  Dewey Decimal Classification   Not For Loan Non-fiction Central Library, University of Rajshahi Central Library, University of Rajshahi Reading Room 19/01/2026 author 180.00 A 297.0922 HUR 2016 25/01/2026 C-1 Books
  Dewey Decimal Classification     Non-fiction Central Library, University of Rajshahi Central Library, University of Rajshahi General Stacks 19/01/2026 author 180.00 A 291 HUR 2016 25/01/2026 C-2 Books
  Dewey Decimal Classification     Non-fiction Central Library, University of Rajshahi Central Library, University of Rajshahi General Stacks 19/01/2026 author 180.00 A 297.0922 HUR 2016 25/01/2026 C-3 Books
  Dewey Decimal Classification     Non-fiction Central Library, University of Rajshahi Central Library, University of Rajshahi General Stacks 19/01/2026 author 180.00 A 297.0922 HUR 2016 25/01/2026 C-4 Books
  Dewey Decimal Classification     Non-fiction Central Library, University of Rajshahi Central Library, University of Rajshahi General Stacks 19/01/2026 author 180.00 A 297.0922 HUR 2016 25/01/2026 C-5 Books